000 00447cam a2200169ua 4500
003 OSt
008 250812b |||||||| |||| 00| 0 eng d
020 _a1-4051-2510-1
041 _aeng
082 _a627.01
_bBRO/BI
100 _aBrown, Robert C.
_97699
245 _aBiorenewable resource: engineering new products from agriculture /
250 _a1st /
260 _aIowa :
_bIowa state press ,
_c2003.
300 _a286 ; .
942 _cBK
999 _c12908
_d12908